An Intimate Rebuke (Record no. 91629)

MARC details
000 -LEADER
fixed length control field 01885nam a2200253Ii 4500
008 - FIXED-LENGTH DATA ELEMENTS--GENERAL INFORMATION
fixed length control field 221202s xx 000 0 und d
100 1# - MAIN ENTRY--PERSONAL NAME
Personal name Grillo, Laura S,
Relator term author
245 #3 - TITLE STATEMENT
Title An Intimate Rebuke
246 ## - VARYING FORM OF TITLE
Title proper/short title Female Genital Power in Ritual and Politics in West Africa
264 #1 - PRODUCTION, PUBLICATION, DISTRIBUTION, MANUFACTURE, AND COPYRIGHT NOTICE
Place of production, publication, distribution, manufacture Durham, NC
Name of producer, publisher, distributor, manufacturer Duke University Press
Date of production, publication, distribution, manufacture, or copyright notice 2018
300 ## - PHYSICAL DESCRIPTION
Extent 1 online resource
336 ## - CONTENT TYPE
Content type term text
Content type code txt
Source rdacontent
337 ## - MEDIA TYPE
Media type term computer
Media type code c
Source rdamedia
338 ## - CARRIER TYPE
Carrier type term online resource
Carrier type code cr
Source rdacarrier
490 ## - SERIES STATEMENT
Series statement Religious Cultures of African and African Diaspora People
520 ## - SUMMARY, ETC.
Summary, etc. Throughout West African societies, at times of social crises, postmenopausal women - the Mothers - make a ritual appeal to their innate moral authority. The seat of this power is the female genitalia. Wielding branches or pestles, they strip naked and slap their genitals and bare breasts to curse and expel the forces of evil. In An Intimate Rebuke Laura S. Grillo draws on fieldwork in Côte d'Ivoire that spans three decades to illustrate how these rituals of Female Genital Power (FGP) constitute religious and political responses to abuses of power. When deployed in secret FGP operates as spiritual warfare against witchcraft; in public it serves as a political activism. During Côte d'Ivoire's civil wars FGP challenged the immoral forces of both rebels and the state. Grillo shows how the ritual potency of the Mothers' nudity and the conjuration of their sex embodies a moral power that has been foundational to West African civilization.
653 ## - INDEX TERM--UNCONTROLLED
Uncontrolled term Africa
653 ## - INDEX TERM--UNCONTROLLED
Uncontrolled term Anthropology
653 ## - INDEX TERM--UNCONTROLLED
Uncontrolled term Civilization Africa
653 ## - INDEX TERM--UNCONTROLLED
Uncontrolled term Politics And Government Postcolonialism
653 ## - INDEX TERM--UNCONTROLLED
Uncontrolled term Religion Africa
856 ## - ELECTRONIC LOCATION AND ACCESS
Uniform Resource Identifier <a href="https://docs.google.com/spreadsheets/d/1yKIrdCPDAG_9c22mwoOIO2DOhtj65Wqa/edit?usp=sharing&ouid=106555315294820607512&rtpof=true&sd=true ">https://docs.google.com/spreadsheets/d/1yKIrdCPDAG_9c22mwoOIO2DOhtj65Wqa/edit?usp=sharing&ouid=106555315294820607512&rtpof=true&sd=true </a>
Link text List of Curated E-Books
942 ## - ADDED ENTRY ELEMENTS (KOHA)
Koha item type E-Book

No items available.

University of Rizal System
Email us at univlibservices@urs.edu.ph

Visit our Website www.urs.edu.ph/library